<?xml version="1.0" encoding="UTF-8"?><?xml-stylesheet type="text/xsl" href="static/style.xsl"?><OAI-PMH xmlns="http://www.openarchives.org/OAI/2.0/" xmlns:xsi="http://www.w3.org/2001/XMLSchema-instance" xsi:schemaLocation="http://www.openarchives.org/OAI/2.0/ http://www.openarchives.org/OAI/2.0/OAI-PMH.xsd"><responseDate>2026-04-17T06:58:56Z</responseDate><request verb="GetRecord" identifier="oai:www.recercat.cat:20.500.14342/5236" metadataPrefix="marc">https://recercat.cat/oai/request</request><GetRecord><record><header><identifier>oai:recercat.cat:20.500.14342/5236</identifier><datestamp>2025-05-15T19:20:06Z</datestamp><setSpec>com_2072_482405</setSpec><setSpec>com_2072_183628</setSpec><setSpec>col_2072_482409</setSpec></header><metadata><record xmlns="http://www.loc.gov/MARC21/slim" xmlns:dcterms="http://purl.org/dc/terms/" xmlns:xsi="http://www.w3.org/2001/XMLSchema-instance" xmlns:doc="http://www.lyncode.com/xoai" xsi:schemaLocation="http://www.loc.gov/MARC21/slim http://www.loc.gov/standards/marcxml/schema/MARC21slim.xsd">
   <leader>00925njm 22002777a 4500</leader>
   <datafield ind2=" " ind1=" " tag="042">
      <subfield code="a">dc</subfield>
   </datafield>
   <datafield ind2=" " ind1=" " tag="720">
      <subfield code="a">Rosàs Tosas, Mar</subfield>
      <subfield code="e">author</subfield>
   </datafield>
   <datafield ind2=" " ind1=" " tag="260">
      <subfield code="c">2025-04</subfield>
   </datafield>
   <datafield ind2=" " ind1=" " tag="520">
      <subfield code="a">The arrival of some diagnoses tends to bring about relief because it validates suffering and grants access to social legitimization, medical resources, and economic aid. This is the case of the Ehlers–Danlos Syndrome (EDS), a pathology with multisystemic involvement characterized by general laxity. Patients find it difficult to secure a diagnosis of one of its types—hypermobile EDS—due to a lack of awareness among physicians, the multiple changes that the diagnostic criteria undergo, and their increasing restrictivity. Consequently, several patients are intermittently let in and out of the diagnostic label, which leads some members of family, friends, administration, working environment, and healthcare professionals to view these patients with a skeptical gaze. This article argues that the ambiguity and contradictions surrounding the diagnosis of hEDS partially result from and reflect two philosophical controversies on the nature of disease. First, the debate between naturalists and normativists. Second, the discussion on the line-drawing problem. It concludes by urging healthcare practitioners to tell patients the implications of these contradictions—mainly, that medicine can work, and does work, without definitive diagnostic criteria.</subfield>
   </datafield>
   <datafield ind1="8" ind2=" " tag="024">
      <subfield code="a">http://hdl.handle.net/20.500.14342/5236</subfield>
   </datafield>
   <datafield ind1="8" ind2=" " tag="024">
      <subfield code="a">https://doi.org/10.1093/jmp/jhaf004</subfield>
   </datafield>
   <datafield tag="653" ind2=" " ind1=" ">
      <subfield code="a">Diagnòstic</subfield>
   </datafield>
   <datafield tag="653" ind2=" " ind1=" ">
      <subfield code="a">Ehlers-Danlos, síndrome d'</subfield>
   </datafield>
   <datafield tag="653" ind2=" " ind1=" ">
      <subfield code="a">Naturalisme</subfield>
   </datafield>
   <datafield tag="653" ind2=" " ind1=" ">
      <subfield code="a">Normativisme</subfield>
   </datafield>
   <datafield tag="653" ind2=" " ind1=" ">
      <subfield code="a">Patologia</subfield>
   </datafield>
   <datafield ind2="0" ind1="0" tag="245">
      <subfield code="a">The Contradictions in the criteria for diagnosing hypermobile Ehlers–Danlos syndrome as reflecting some of the philosophical debates about the threshold  between the normal and the pathological</subfield>
   </datafield>
</record></metadata></record></GetRecord></OAI-PMH>